|
|
|
|
| LEADER |
00000nam a2200000 a 4500 |
| 001 |
vtls010600281 |
| 003 |
SK-MaSNL |
| 005 |
20260301090601.0 |
| 008 |
160429s2013 xo o e n 000 0 slo |
| 015 |
|
|
|a SNBA2014/06
|
| 020 |
|
|
|a 9788097092023 (viaz.)
|
| 035 |
|
|
|a 05DE7A44-9CE3-41B8-919A-DAE8582B15E8
|
| 035 |
|
|
|a urn:nbn:sk:snk-amk4fk
|
| 035 |
|
|
|a urn:nbn:sk:snk-am0057ll
|
| 040 |
|
|
|a SNK
|b slo
|c SNK
|e AACR2
|
| 041 |
0 |
|
|a slo
|
| 044 |
|
|
|a xo
|c SK
|
| 072 |
|
7 |
|a 159.98
|x Aplikovaná psychológia
|2 konspekt
|
| 080 |
|
|
|a 656.1.05-027.45
|2 2001
|
| 080 |
|
|
|a 159.98:656
|2 2001
|
| 080 |
|
|
|a 659.2
|2 2001
|
| 080 |
|
|
|a 615.851.6
|2 2001
|
| 080 |
|
|
|a (048.8:082)
|2 2001
|
| 080 |
|
|
|a 629.33-051
|2 2001
|
| 100 |
1 |
|
|a Kleinmann, Karol
|4 aut
|9 418607
|
| 245 |
1 |
0 |
|a Rehabilitačné programy pre vodičov
|c Karol Kleinmann a kolektív
|
| 260 |
|
|
|a Bratislava
|b Salvus
|c 2013
|
| 300 |
|
|
|a 143 s.
|b fareb. fotogr.
|c 26 cm
|
| 366 |
|
|
|e 300 výt.
|
| 500 |
|
|
|a Názov z obalu
|
| 504 |
|
|
|a Bibliogr. odkazy
|
| 650 |
0 |
7 |
|a bezpečnosť cestnej premávky
|2 SNKPH
|9 69807
|
| 650 |
0 |
7 |
|a Road safety
|2 SNKPHeng
|9 276985
|
| 650 |
0 |
7 |
|a Traffic psychology
|2 SNKPHeng
|9 132860
|
| 650 |
0 |
7 |
|a dopravná psychológia
|2 SNKPH
|9 72690
|
| 650 |
0 |
7 |
|a Counselling
|2 SNKPHeng
|9 268252
|
| 650 |
0 |
7 |
|a poradenstvo
|2 SNKPH
|9 3604
|
| 650 |
0 |
7 |
|a skupinová psychoterapia
|2 SNKPH
|9 71817
|
| 650 |
0 |
7 |
|a Group psychotherapy
|2 SNKPHeng
|9 315115
|
| 650 |
0 |
7 |
|a vodiči
|2 SNKPH
|9 30958
|
| 650 |
0 |
7 |
|a Car drivers
|2 SNKPHeng
|9 386976
|
| 655 |
|
7 |
|a kolektívne monografie
|2 SNKPH
|9 249850
|
| 655 |
|
7 |
|a Collective monographs
|2 SNKPHeng
|9 125747
|
| 919 |
|
|
|a 978-80-970920-2-3
|
| 958 |
|
|
|a NB
|
| 999 |
|
|
|c 668590
|d 670520
|
| 952 |
|
|
|a SNK
|b SNK
|y PREZ
|7 0
|p 17A1110802
|o snkSB 86766
|i snk2014/12783
|8 0
|0 0
|1 0
|4 0
|d 2014-06-02
|f 1
|l 0
|r 2025-05-07 00:00:00
|w 2026-02-23
|
| 952 |
|
|
|a SNK
|b SNK
|y VYP
|7 0
|p 17A1110803
|o snkSB 86766 D1
|i snk2014/12784
|8 0
|0 0
|1 0
|4 0
|d 2014-06-02
|l 0
|r 2026-02-23 19:17:51
|w 2026-02-23
|